000 00378nam a2200133Ia 4500
008 220216s9999 xx 000 0 und d
100 _aClaramma N M
245 0 _aRadiation induced graft copolymerisation of acrylonitrile on natural rubber
260 _bRadiation Physics and Chemistry
_c1989
300 _a87-89
700 _aMathew N M
700 _aThomas E V
942 _cJS
999 _c66248
_d66248